00373nam a2200145Ia 4500008004100000020001500041041000800056082001600064100002400080245006500104250000600169260003300175300000800208650001100216210716s1980 xx 000 0 und d a0553138634 aeng a808.83 FORF aForsyth, Frederick. aDevils alternative.bWomen write about the unbrealable bond. a1 aNew YorkbBantam booksc1980 a404 aNovels